Effect of aloe vera (Aloe barbadensis) extract on cell division of onion (Allium cepa) root tip / (Record no. 97863)
[ view plain ]
| 000 -LEADER | |
|---|---|
| fixed length control field | 00761nam a2200193 a 4500 |
| 003 - CONTROL NUMBER IDENTIFIER | |
| control field | 0 |
| 005 - DATE AND TIME OF LATEST TRANSACTION | |
| control field | 20250407105244.0 |
| 008 - FIXED-LENGTH DATA ELEMENTS--GENERAL INFORMATION | |
| fixed length control field | 071126s19uu xx 00 eng d |
| 050 ## - LIBRARY OF CONGRESS CALL NUMBER | |
| Classification number | PHS QK 99 |
| Item number | .N35 2007 |
| 100 ## - MAIN ENTRY--PERSONAL NAME | |
| Personal name | Nakamura, Reika D. |
| 245 ## - TITLE STATEMENT | |
| Title | Effect of aloe vera (Aloe barbadensis) extract on cell division of onion (Allium cepa) root tip / |
| Statement of responsibility, etc | Reika D. Nakamura. |
| 260 ## - PUBLICATION, DISTRIBUTION, ETC. (IMPRINT) | |
| Place of publication, distribution, etc | Las Piñas City, Philippines : |
| Name of publisher, distributor, etc | Southville International School and Colleges, |
| Date of publication, distribution, etc | 2007. |
| 300 ## - PHYSICAL DESCRIPTION | |
| Extent | 33 pages : |
| Other physical details | illustrations ; |
| Dimensions | 28 cm. |
| 504 ## - BIBLIOGRAPHY, ETC. NOTE | |
| Bibliography, etc | Includes bibliographical references. |
| 650 ## - SUBJECT ADDED ENTRY--TOPICAL TERM | |
| Topical term or geographic name as entry element | Aloe vera |
| General subdivision | Effect on cell division. |
| 650 ## - SUBJECT ADDED ENTRY--TOPICAL TERM | |
| Topical term or geographic name as entry element | Onion |
| General subdivision | Roots |
| Form subdivision | Effects of Aloe vera extract. |
| 650 ## - SUBJECT ADDED ENTRY--TOPICAL TERM | |
| Topical term or geographic name as entry element | Cell division |
| General subdivision | Effect of Aloe vera extract. |
| 942 ## - ADDED ENTRY ELEMENTS (KOHA) | |
| Source of classification or shelving scheme | Library of Congress Classification |
| Koha item type | PASS |
| Withdrawn status | Lost status | Source of classification or shelving scheme | Damaged status | Home library | Current library | Shelving location | Date acquired | Source of acquisition | Total Checkouts | Full call number | Barcode | Date last seen | Price effective from | Koha item type |
|---|---|---|---|---|---|---|---|---|---|---|---|---|---|---|
| Library of Congress Classification | Luxembourg Library | Luxembourg Library | Portfolio Assessment of SISC Students Section | 11/26/2007 | Donation | PHS QK 99 .N35 2007 | P1948 | 04/08/2014 | 04/08/2014 | PASS |